Community 101 : (Record no. 20808)

MARC details
000 -LEADER
fixed length control field 01655cam a2200421 a 4500
001 - CONTROL NUMBER
control field 708065
003 - CONTROL NUMBER IDENTIFIER
control field OSt
005 - DATE AND TIME OF LATEST TRANSACTION
control field 20251128164419.0
008 - FIXED-LENGTH DATA ELEMENTS--GENERAL INFORMATION
fixed length control field 970415s1997 miua b 001 0 eng
010 ## - LIBRARY OF CONGRESS CONTROL NUMBER
LC control number 97014458
020 ## - INTERNATIONAL STANDARD BOOK NUMBER
International Standard Book Number 0310217415
Qualifying information pbk.
020 ## - INTERNATIONAL STANDARD BOOK NUMBER
Canceled/invalid ISBN 9780310861454 (e-book)
020 ## - INTERNATIONAL STANDARD BOOK NUMBER
International Standard Book Number 9780310217411
Qualifying information (pbk.)
035 ## - SYSTEM CONTROL NUMBER
System control number 708065
040 ## - CATALOGING SOURCE
Original cataloging agency DLC
Transcribing agency DLC
Modifying agency DLC
050 00 - LIBRARY OF CONGRESS CALL NUMBER
Classification number BV600.2
Item number .B498 1997
082 00 - DEWEY DECIMAL CLASSIFICATION NUMBER
Classification number 262/.7
Edition number 21
100 1# - MAIN ENTRY--PERSONAL NAME
Personal name Bilezikian, Gilbert G.
245 10 - TITLE STATEMENT
Title Community 101 :
Remainder of title reclaiming the church as community of oneness /
Statement of responsibility, etc. Gilbert Bilezikian.
246 3# - VARYING FORM OF TITLE
Title proper/short title Community one hundred one
260 ## - PUBLICATION, DISTRIBUTION, ETC. (IMPRINT)
Place of publication, distribution, etc. Grand Rapids, Mich. :
Name of publisher, distributor, etc. Zondervan Pub. House ;
Place of publication, distribution, etc. Barrington, Il :
Name of publisher, distributor, etc. Willow Creek Resources,
Date of publication, distribution, etc. c1997.
300 ## - PHYSICAL DESCRIPTION
Extent 207 p. :
Other physical details ill. ;
Dimensions 21 cm.
336 ## - CONTENT TYPE
Content type term text
Content type code txt
Source rdacontent
337 ## - MEDIA TYPE
Media type term unmediated
Media type code n
Source rdamedia
338 ## - CARRIER TYPE
Carrier type term volume
Carrier type code nc
Source rdacarrier
504 ## - BIBLIOGRAPHY, ETC. NOTE
Bibliography, etc Includes bibliographical references and index.
650 #0 - SUBJECT ADDED ENTRY--TOPICAL TERM
Topical term or geographic name as entry element Church.
650 #0 - SUBJECT ADDED ENTRY--TOPICAL TERM
Topical term or geographic name as entry element Communities
General subdivision Religious aspects
-- Christianity.
650 #0 - SUBJECT ADDED ENTRY--TOPICAL TERM
Topical term or geographic name as entry element Christian leadership.
650 #0 - SUBJECT ADDED ENTRY--TOPICAL TERM
Topical term or geographic name as entry element Clergy
General subdivision Office.
856 42 - ELECTRONIC LOCATION AND ACCESS
Materials specified Publisher description
Uniform Resource Identifier <a href="http://www.loc.gov/catdir/enhancements/fy0633/97014458-d.html">http://www.loc.gov/catdir/enhancements/fy0633/97014458-d.html</a>
856 41 - ELECTRONIC LOCATION AND ACCESS
Materials specified Table of contents only
Uniform Resource Identifier <a href="http://www.loc.gov/catdir/enhancements/fy0633/97014458-t.html">http://www.loc.gov/catdir/enhancements/fy0633/97014458-t.html</a>
856 41 - ELECTRONIC LOCATION AND ACCESS
Materials specified Sample text
Uniform Resource Identifier <a href="http://www.loc.gov/catdir/enhancements/fy0642/97014458-s.html">http://www.loc.gov/catdir/enhancements/fy0642/97014458-s.html</a>
906 ## - LOCAL DATA ELEMENT F, LDF (RLIN)
a 7
b cbc
c orignew
d 1
e ocip
f 19
g y-gencatlg
942 ## - ADDED ENTRY ELEMENTS (KOHA)
Source of classification or shelving scheme Library of Congress Classification
Koha item type General Collection
Holdings
Withdrawn status Lost status Source of classification or shelving scheme Not for loan Home library Current library Shelving location Date acquired Source of acquisition Inventory number Total Checkouts Full call number Barcode Date last seen Copy number Price effective from Koha item type
    Library of Congress Classification   Kabarak, Main Campus Kabarak, Main Campus General Stacks 28/11/2025 Donation 2025/2822   BV600.2 .B498 1997 C.1 38728 28/11/2025 C.1 28/11/2025 General Collection
Designed with assistance from East African Informatics Ltd